Statistiques concernant Villes de Belgique - Carte Quiz

Cliquez ici pour prendre le quiz!

Statistiques générales

  • Ce quiz a été pris 11 799 fois
    (11 395 depuis la dernière actualisation)
  • Le résultat moyen est 7 sur 12

Réponses sur la Carte

Les réponses sont colorées sur une échelle allant du rouge au vert en fonction du pourcentage des utilisateurs qui les ont devinées à leur premier essai. Vous pouvez retrouver ces pourcentages ci-dessous.
 

Statistiques - réponses

Réponse% Correct
Bruxelles
90%
Anvers
75%
Liège
72%
Bruges
62%
Gand
59%
Namur
58%
Arlon
57%
Charleroi
56%
Mons
55%
Louvain
54%
Hasselt
51%
Malines
39%

Distribution des résultats

Percentile par nombre de réponses

% des personnes avec chaque résultat

Votre développement - résultats

Vous n’avez pas pris ce quiz depuis la dernière actualisation